Zodpovednosť za škodu pri pracovných úrazoch a chorobách z povolania

Náhrada za stratu na zárobku po skončení práceneschopnosti a pri zmene pomerov. Škoda zamestnancovi začne vznikať dňom, keď sa mu začal po prevedení na inú prácu vyplácať nižší zárobok.

Salvato in:
Dettagli Bibliografici
Autore principale: Jendrálová, Anna
Natura: Capitolo di libro
Lingua:slovacco
Soggetti:
Tags: Aggiungi Tag
Nessun Tag, puoi essere il primo ad aggiungerne!!

MARC

LEADER 00000naa a2200000 4500
001 r035693
005 20230925071910.9
041 0 |a slo 
044 |a SK 
245 1 0 |a Zodpovednosť za škodu pri pracovných úrazoch a chorobách z povolania  |c Anna Jendrálová 
520 |a Náhrada za stratu na zárobku po skončení práceneschopnosti a pri zmene pomerov. Škoda zamestnancovi začne vznikať dňom, keď sa mu začal po prevedení na inú prácu vyplácať nižší zárobok. 
610 2 0 |a zodpovednosť za škody 
610 2 0 |a úrazy pracovné 
610 2 0 |a choroby z povolania 
610 2 0 |a náhrada mzdy 
610 2 0 |a práceneschopnosť 
100 1 |a Jendrálová, Anna